[Event "Buenos Aires CA ITT 3rd"]
[Site "Buenos Aires"]
[Date "2003.??.??"]
[Round "10"]
[White "Galindo, Ricardo"]
[Black "Altamirano, Benjamin"]
[Result "0-1"]
[WhiteElo "2277"]
[BlackElo "2333"]
[PlyCount "78"]
[EventDate "2003.08.05"]
[EventType "tourn"]
[EventRounds "11"]
[EventCountry "ARG"]
[EventCategory "3"]
[SourceTitle "CBM 095 Extra"]
[Source "ChessBase"]
[SourceDate "2003.09.04"]
[SourceVersion "1"]
[SourceVersionDate "2003.09.04"]
[SourceQuality "1"]

1. Nf3 g6 2. d4 Bg7 3. g3 c5 4. c3 Qa5 5. Nbd2 cxd4 6. cxd4 Nc6 7. e3 d5 8. Bg2 Qa6 9. Qe2 b6 10. Qxa6 Bxa6 11. Bf1 Bxf1 12. Kxf1 Rc8 13. Nb3 Nf6 14. Bd2 Ne4 15. Rc1 Kd7 16. Ke2 a5 17. a4 h5 18. Rc2 f6 19. Rhc1 e6 20. Be1 g5 21. Nfd2 Nd6 22. Nb1 g4 23. Na3 Bh6 24. Bc3 Bg5 25. Nd2 h4 26. b3 hxg3 27. hxg3 Rh2 28. Bb2 Bxe3 29. Rxc6 Rxc6 30. Rxc6 Bxd2 31. Rxd6+ Kxd6 32. Nb5+ Kc6 33. Kxd2 Rxf2+ 34. Kc1 Rf3 35. Bc3 Rxg3 36. Kd2 f5 37. Ke2 f4 38. Kf2 Rd3 39. Ke1 g3 0-1

[Event "Buenos Aires CA ITT 3rd"]
[Site "Buenos Aires"]
[Date "2003.??.??"]
[Round "8"]
[White "Galindo, Ricardo"]
[Black "Claverie, Raul Ricardo"]
[Result "0-1"]
[WhiteElo "2277"]
[BlackElo "2303"]
[PlyCount "114"]
[EventDate "2003.08.05"]
[EventType "tourn"]
[EventRounds "11"]
[EventCountry "ARG"]
[EventCategory "3"]
[SourceTitle "CBM 095 Extra"]
[Source "ChessBase"]
[SourceDate "2003.09.04"]
[SourceVersion "1"]
[SourceVersionDate "2003.09.04"]
[SourceQuality "1"]

1. d4 f5 2. g3 Nf6 3. Bg2 g6 4. c3 Bg7 5. Qb3 Nc6 6. Nd2 d5 7. Nh3 e6 8. Nf3 Qe7 9. Nf4 Ne4 10. h4 Bf6 11. Nd3 b6 12. Bf4 Bb7 13. Nfe5 0-0 14. Nxc6 Bxc6 15. Be5 Be8 16. Bxf6 Nxf6 17. c4 Rd8 18. Rc1 Ne4 19. e3 Rf7 20. Ne5 Rf6 21. Ke2 c5 22. dxc5 dxc4 23. Nxc4 Nxc5 24. Qb4 e5 25. Rhd1 e4 26. Rxd8 Qxd8 27. Rd1 Qe7 28. Rd4 a5 29. Qd2 Bb5 30. b3 Ba6 31. Kd1 Bxc4 32. Rxc4 Kg7 33. Bf1 Qe5 34. Rd4 Kh6 35. Bc4 b5 36. Rd5 Qa1+ 37. Ke2 bxc4 38. Rxc5 cxb3 39. axb3 Qh1 40. Qd4 Qf3+ 41. Ke1 Qh1+ 42. Kd2 Rf7 43. Qd5 Ra7 44. Qd6 Qf3 45. Qf4+ Qxf4 46. exf4 Kh5 47. Kc2 Kg4 48. Rc3 Rd7 49. Re3 Kh3 50. Kc3 Kg2 51. Re2 Rd3+ 52. Kc4 Rf3 53. Ra2 Rxf2 54. Rxa5 e3 55. Kd3 Kxg3 56. Kxe3 Rxf4 57. Rb5 Rxh4 0-1

[Event "Budapest FS02 IM-B"]
[Site "Budapest"]
[Date "2001.02.10"]
[Round "7"]
[White "Balogh, Csaba"]
[Black "Galindo, Ricardo"]
[Result "1/2-1/2"]
[WhiteElo "2340"]
[BlackElo "2282"]
[PlyCount "103"]
[EventDate "2001.02.03"]
[EventType "tourn"]
[EventRounds "11"]
[EventCountry "HUN"]
[EventCategory "2"]
[SourceTitle "CBM 080 Extra"]
[Source "ChessBase"]
[SourceDate "2001.03.08"]
[SourceVersion "1"]
[SourceVersionDate "2001.03.08"]
[SourceQuality "1"]

1. e4 c6 2. d4 d5 3. Nc3 dxe4 4. Nxe4 Bf5 5. Ng3 Bg6 6. h4 h6 7. Nf3 Nd7 8. h5 Bh7 9. Bd3 Bxd3 10. Qxd3 e6 11. Bf4 Ngf6 12. 0-0-0 Be7 13. Ne4 Nxe4 14. Qxe4 Nf6 15. Qe2 Qd5 16. c4 Qe4 17. Be3 Ng4 18. Rh3 Nxe3 19. fxe3 b5 20. Nd2 Qh7 21. cxb5 0-0 22. bxc6 Rfc8 23. e4 Rxc6+ 24. Rc3 Rd6 25. Nf3 g5 26. Ne5 Bf6 27. Ng4 Bg7 28. e5 Rd5 29. Ne3 Rd7 30. Qd3 Rad8 31. Qxh7+ Kxh7 32. Rc4 f6 33. exf6 Bxf6 34. Nc2 Kg7 35. Re1 Bxd4 36. Nxd4 Rxd4 37. Rxd4 Rxd4 38. Rxe6 a5 39. Re7+ Kg8 40. Re6 Kg7 41. Rg6+ Kh7 42. Ra6 a4 43. Ra7+ Kg8 44. Ra6 Kg7 45. Ra7+ Kg8 46. Kc2 Rg4 47. g3 Rxg3 48. Rxa4 Rg2+ 49. Kc3 Rg3+ 50. Kc2 Rg2+ 51. Kc3 Rg3+ 52. Kc2 1/2-1/2

[Event "Budapest FS02 IM-B"]
[Site "Budapest"]
[Date "2001.02.05"]
[Round "2"]
[White "Puschmann, Laszlo"]
[Black "Galindo, Ricardo"]
[Result "1-0"]
[WhiteElo "2291"]
[BlackElo "2282"]
[PlyCount "97"]
[EventDate "2001.02.03"]
[EventType "tourn"]
[EventRounds "11"]
[EventCountry "HUN"]
[EventCategory "2"]
[SourceTitle "CBM 080 Extra"]
[Source "ChessBase"]
[SourceDate "2001.03.08"]
[SourceVersion "1"]
[SourceVersionDate "2001.03.08"]
[SourceQuality "1"]

1. d4 d5 2. Nf3 Nf6 3. Bf4 c6 4. Nbd2 Bf5 5. e3 h6 6. c4 e6 7. Qb3 Qb6 8. c5 Qxb3 9. axb3 Nbd7 10. h3 a6 11. b4 Be7 12. b5 cxb5 13. Bxb5 0-0 14. Be2 Ne4 15. Nxe4 Bxe4 16. 0-0 g5 17. Bg3 Bxf3 18. Bxf3 f5 19. Rfc1 Nb8 20. Rc3 Nc6 21. Rb3 Ra7 22. Rc3 Rd8 23. Rd3 Rd7 24. Bd1 Ra8 25. Ba4 Rc8 26. f3 Bf6 27. Rad1 Rg7 28. R3d2 h5 29. Bd6 g4 30. hxg4 hxg4 31. g3 gxf3 32. Kf2 Rh7 33. Kxf3 Kf7 34. Ra1 Na7 35. Rg2 Rg8 36. Bf4 Ke7 37. Ra3 Kd8 38. Rb3 Kc8 39. Rb6 Re7 40. c6 e5 41. cxb7+ Rxb7 42. Rc2+ Rc7 43. Rxc7+ Kxc7 44. Rxf6 exf4 45. Kxf4 Nc8 46. Rxf5 Nb6 47. Bb3 Kc6 48. e4 Rg6 49. Bxd5+ 1-0

[Event "Budapest FS10 IM-B"]
[Site "Budapest"]
[Date "2000.10.17"]
[Round "11"]
[White "Galindo, Ricardo"]
[Black "Orso, Miklos"]
[Result "1/2-1/2"]
[WhiteElo "2275"]
[BlackElo "2346"]
[PlyCount "26"]
[EventDate "2000.10.07"]
[EventType "tourn"]
[EventRounds "10"]
[EventCountry "HUN"]
[EventCategory "2"]
[SourceTitle "CBM 078 Extra"]
[Source "ChessBase"]
[SourceDate "2000.11.10"]
[SourceVersion "1"]
[SourceVersionDate "2000.11.10"]
[SourceQuality "1"]

1. Nf3 d5 2. b3 Bg4 3. e3 Nd7 4. Bb2 Ngf6 5. Be2 c6 6. Ne5 Nxe5 7. Bxe5 Bxe2 8. Qxe2 e6 9. 0-0 Be7 10. d3 0-0 11. Nd2 Nd7 12. Bb2 Bf6 13. Bxf6 Qxf6 1/2-1/2

[Event "Budapest FS10 IM-B"]
[Site "Budapest"]
[Date "2000.10.15"]
[Round "9"]
[White "Galindo, Ricardo"]
[Black "Berczes, Csaba"]
[Result "1/2-1/2"]
[WhiteElo "2275"]
[BlackElo "2189"]
[PlyCount "87"]
[EventDate "2000.10.07"]
[EventType "tourn"]
[EventRounds "10"]
[EventCountry "HUN"]
[EventCategory "2"]
[SourceTitle "CBM 078 Extra"]
[Source "ChessBase"]
[SourceDate "2000.11.10"]
[SourceVersion "1"]
[SourceVersionDate "2000.11.10"]
[SourceQuality "1"]

1. Nf3 Nf6 2. b3 g6 3. Bb2 Bg7 4. g3 0-0 5. Bg2 d6 6. d4 c6 7. a4 Nbd7 8. Nbd2 Qc7 9. Nc4 d5 10. Nce5 Nxe5 11. Nxe5 Nd7 12. Nxd7 Bxd7 13. 0-0 e5 14. dxe5 Bxe5 15. Bxe5 Qxe5 16. c4 Be6 17. cxd5 Bxd5 18. Bxd5 cxd5 19. Qd2 d4 20. Rac1 Rac8 21. Rfd1 Rc3 22. e3 Rxc1 23. Rxc1 dxe3 24. Qxe3 Qxe3 25. fxe3 f5 26. Kf2 Rf7 27. Kf3 Re7 28. Rc4 Kf7 29. e4 fxe4+ 30. Rxe4 Rc7 31. Kf4 Kf6 32. h4 h6 33. Rd4 Rc6 34. a5 b6 35. a6 b5 36. Rd5 Rxa6 37. Rxb5 Rd6 38. Ke4 h5 39. b4 Ke6 40. Re5+ Kf6 41. Ra5 a6 42. Rc5 Rb6 43. Rc4 Rb5 44. Rc6+ 1/2-1/2

[Event "ARG-ch sf"]
[Site "Ezeiza"]
[Date "2000.08.30"]
[Round "2"]
[White "Galindo, Ricardo"]
[Black "Lujan, Carolina"]
[Result "1/2-1/2"]
[WhiteElo "2275"]
[BlackElo "2121"]
[PlyCount "46"]
[EventDate "2000.08.29"]
[EventType "swiss"]
[EventRounds "9"]
[EventCountry "ARG"]
[SourceTitle "EXT 2001"]
[Source "ChessBase"]
[SourceDate "2000.11.22"]
[SourceVersion "1"]
[SourceVersionDate "2000.11.22"]
[SourceQuality "1"]

1. Nf3 Nf6 2. b3 g6 3. Bb2 Bg7 4. g3 d6 5. d4 0-0 6. Bg2 c5 7. c4 Nbd7 8. 0-0 Rb8 9. Nc3 a6 10. a4 b6 11. Re1 Bb7 12. e4 e6 13. d5 e5 14. Ra2 Nh5 15. Bc1 Qe8 16. Ng5 h6 17. Nh3 f5 18. f3 Bc8 19. Nf2 f4 20. g4 Nhf6 21. Kf1 Nh7 22. Ke2 Qd8 23. Rh1 g5 1/2-1/2

[Event "Buenos Aires GyE 3rd"]
[Site "Buenos Aires"]
[Date "1991.??.??"]
[Round "9"]
[White "Galindo, Ricardo"]
[Black "Langier, Daniel"]
[Result "1/2-1/2"]
[WhiteElo "2270"]
[BlackElo "2240"]
[PlyCount "101"]
[EventDate "1991.??.??"]
[EventType "tourn"]
[EventRounds "11"]
[EventCountry "ARG"]
[EventCategory "3"]
[SourceTitle "EXT 2004"]
[Source "ChessBase"]
[SourceDate "2003.11.25"]
[SourceVersion "1"]
[SourceVersionDate "2003.11.25"]
[SourceQuality "1"]

1. Nf3 f5 2. g3 Nf6 3. Bg2 e6 4. d4 Be7 5. c4 0-0 6. d5 Bb4+ 7. Bd2 Qe7 8. 0-0 Bxd2 9. Qxd2 e5 10. d6 cxd6 11. Nc3 Nc6 12. Rfd1 e4 13. Nd4 Ne8 14. Nd5 Qe5 15. Nb5 b6 16. f4 exf3 17. exf3 g6 18. f4 Qg7 19. Ndc7 Nxc7 20. Nxc7 Rb8 21. Nb5 Ba6 22. Nxd6 Ne7 23. a4 Nc8 24. b3 Nxd6 25. Qxd6 Rfd8 26. Rd4 Qf8 27. Rad1 Qxd6 28. Rxd6 Bc8 29. Bd5+ Kg7 30. Re1 Rf8 31. Re7+ Kh6 32. b4 Rh8 33. b5 a6 34. Kf2 axb5 35. axb5 Bb7 36. Bxb7 Rxb7 37. Rdxd7 Rxd7 38. Rxd7 Rc8 39. Rd4 Kg7 40. Ke3 Kf8 41. Kd3 Ke7 42. Kc3 Ra8 43. Rd2 Ra1 44. Kb3 Rh1 45. Kb2 Re1 46. Kc3 Ra1 47. Kd4 Ke6 48. Rd3 Ra2 49. h3 Ra1 50. g4 Rf1 51. gxf5+ 1/2-1/2

[Event "Buenos Aires GEBA-B"]
[Site "Buenos Aires"]
[Date "1991.??.??"]
[Round "6"]
[White "Giaccio, Alfredo Gustavo"]
[Black "Galindo, Ricardo"]
[Result "1-0"]
[WhiteElo "2325"]
[BlackElo "2270"]
[PlyCount "43"]
[EventDate "1991.??.??"]
[EventType "tourn"]
[EventRounds "9"]
[EventCountry "ARG"]
[EventCategory "3"]
[SourceTitle "EXT 2004"]
[Source "ChessBase"]
[SourceDate "2003.11.25"]
[SourceVersion "1"]
[SourceVersionDate "2003.11.25"]
[SourceQuality "1"]

1. e4 c6 2. d3 d5 3. Nd2 e5 4. Ngf3 Nd7 5. g3 Ngf6 6. Bg2 g6 7. 0-0 Bg7 8. Re1 d4 9. Nf1 Qc7 10. h3 c5 11. b3 Rb8 12. N3h2 h5 13. Qe2 b5 14. f4 h4 15. g4 c4 16. Nf3 0-0 17. f5 Re8 18. Nxh4 Kh7 19. Ng3 Ba6 20. g5 Ng8 21. fxg6+ fxg6 22. Nxg6 1-0

[Event "Buenos Aires GEBA-B"]
[Site "Buenos Aires"]
[Date "1991.??.??"]
[Round "4"]
[White "Madina Yadarola, Martin"]
[Black "Galindo, Ricardo"]
[Result "1-0"]
[WhiteElo "2285"]
[BlackElo "2270"]
[PlyCount "63"]
[EventDate "1991.??.??"]
[EventType "tourn"]
[EventRounds "9"]
[EventCountry "ARG"]
[EventCategory "3"]
[SourceTitle "EXT 2004"]
[Source "ChessBase"]
[SourceDate "2003.11.25"]
[SourceVersion "1"]
[SourceVersionDate "2003.11.25"]
[SourceQuality "1"]

1. Nf3 Nf6 2. c4 e6 3. g3 c5 4. Bg2 Nc6 5. 0-0 Be7 6. b3 0-0 7. Bb2 d5 8. cxd5 exd5 9. d4 Ne4 10. dxc5 Bxc5 11. Nbd2 Bg4 12. e3 Bb4 13. Nxe4 dxe4 14. Qxd8 Rfxd8 15. Nd4 Nxd4 16. Bxd4 f5 17. Rfc1 Bd6 18. Rc2 Rdc8 19. Rac1 Rxc2 20. Rxc2 b6 21. Bf1 h5 22. h3 Bf3 23. h4 Rd8 24. Bc4+ Kh7 25. Be6 Bg4 26. b4 Be5 27. Bxe5 Rd1+ 28. Kh2 Bf3 29. Bxf5+ Kg8 30. g4 g5 31. hxg5 h4 32. Kh3 1-0

[Event "Buenos Aires GyE 3rd"]
[Site "Buenos Aires"]
[Date "1991.??.??"]
[Round "3"]
[White "Sosa, Ricardo Hugo"]
[Black "Galindo, Ricardo"]
[Result "0-1"]
[WhiteElo "2220"]
[BlackElo "2270"]
[PlyCount "100"]
[EventDate "1991.??.??"]
[EventType "tourn"]
[EventRounds "11"]
[EventCountry "ARG"]
[EventCategory "3"]
[SourceTitle "EXT 2004"]
[Source "ChessBase"]
[SourceDate "2003.11.25"]
[SourceVersion "1"]
[SourceVersionDate "2003.11.25"]
[SourceQuality "1"]

1. e4 c6 2. d4 d5 3. e5 Na6 4. f4 h5 5. Be3 g6 6. Nc3 Nc7 7. Bd3 Nh6 8. Nf3 Bf5 9. Nh4 Bg4 10. Be2 Bxe2 11. Qxe2 Qd7 12. 0-0-0 Qg4 13. g3 Qxe2 14. Nxe2 Nf5 15. Ng2 Nxe3 16. Nxe3 f5 17. exf6 exf6 18. Rhf1 Bh6 19. Rde1 Kf7 20. Kb1 Rhe8 21. Nc1 Re7 22. Re2 Rae8 23. Rfe1 Nb5 24. c3 Nd6 25. Kc2 Re4 26. Nd1 h4 27. Ne3 g5 28. Ng4 Kg6 29. Nxh6 Kxh6 30. fxg5+ fxg5 31. gxh4 gxh4 32. Kd3 Kh5 33. Rf1 Rxe2 34. Nxe2 Re7 35. Rf8 Kg4 36. Rg8+ Kf3 37. Rf8+ Rf7 38. Ng1+ Kg2 39. Rg8+ Kxh2 40. Ke3 Nf5+ 41. Kf2 Ng3+ 42. Nf3+ Kh1 43. Rh8 Ne4+ 44. Ke3 Kg2 45. Nxh4+ Kg3 46. Ng6 Rf3+ 47. Ke2 Rf2+ 48. Kd3 Rxb2 49. Ne5 Nf2+ 50. Ke3 Nd1+ 0-1

[Event "Buenos Aires GP op"]
[Site "Buenos Aires"]
[Date "1988.??.??"]
[Round "?"]
[White "Galindo, Ricardo"]
[Black "Ricardi, Pablo"]
[Result "0-1"]
[WhiteElo "2300"]
[BlackElo "2405"]
[PlyCount "120"]
[EventDate "1988.09.??"]
[EventType "swiss"]
[EventRounds "9"]
[EventCountry "ARG"]
[SourceTitle "EXT 2004"]
[Source "ChessBase"]
[SourceDate "2003.11.25"]
[SourceVersion "1"]
[SourceVersionDate "2003.11.25"]
[SourceQuality "1"]

1. Nf3 Nf6 2. b3 d5 3. Bb2 c6 4. e3 Bg4 5. Be2 Nbd7 6. Ne5 Nxe5 7. Bxe5 Bxe2 8. Qxe2 e6 9. 0-0 Be7 10. d3 0-0 11. Nd2 a5 12. a3 Nd7 13. Bb2 Bf6 14. Bxf6 Qxf6 15. f4 a4 16. b4 Rfe8 17. d4 Qe7 18. c4 b6 19. c5 bxc5 20. bxc5 Qd8 21. e4 Qa5 22. Qe3 Rab8 23. Rab1 Nf6 24. e5 Ng4 25. Qd3 Nh6 26. h3 Nf5 27. Kh2 g6 28. g4 Ne7 29. Kg3 Rb5 30. Qc2 Reb8 31. Kf3 Rxb1 32. Rxb1 Rxb1 33. Nxb1 Qe1 34. Qb2 Qe4+ 35. Kg3 Qe3+ 36. Kg2 Qxf4 37. Nd2 h5 38. gxh5 Nf5 39. hxg6 Qg3+ 40. Kf1 Qxh3+ 41. Ke2 Qe3+ 42. Kd1 Qg1+ 43. Kc2 Qxg6 44. Kc3 Qg4 45. Kb4 Nxd4 46. Kxa4 Qf4 47. Qb8+ Kg7 48. Nb1 Nf3+ 49. Ka5 Nxe5 50. Qb2 d4 51. Ka6 Qe4 52. Nd2 Qd3+ 53. Kb7 f5 54. a4 Qc3 55. Qa2 Qb4+ 56. Kc8 Kf6 57. Nb3 Qc4 58. Kb7 Nd7 59. Qa3 Qxb3+ 60. Qxb3 Nxc5+ 0-1